000 01728cam a2200277 4500
001 ABS64182
008 000000n2001 000 0 eng u
035 _a(Sirsi) u113439
245 _aMerrett v Babb
260 _c2001
490 _aWeekly Law Reports
_v[2000] 3 WLR 1-30(31)
520 _aCA 15 February 2001. The appellant (B) sought to overturn a CC ruling that he was personally liable, following the bankruptcy of his employer which terminated his professional indemnity insurance cover, for an incorrect mortgage valuation. B's grounds for the appeal were that he owed M no duty of care and that even if he did so she was only entitled to a half the amount of damages as she only had a half interest in the property. The appeal was dismissed it being held that B owed a duty of care to M and her mother jointly as he had signed the mortgage valuation report assuming personal responsibility for it knowing that they would rely on it, and that as the joint claim could not be properly maintained unless the mother was a party the court had the power to order her to be joined as a claimant under the Limitation Act 1980 s35 and CPR 19.5.
590 _aABS
650 _aCIVIL PROCEDURE RULES PART 19.5
650 _aDUTY OF CARE
650 _aLIMITATION ACT 1980 S35
650 _aMERRETT V BABB
650 _aMORTGAGE VALUATIONS
650 _aNEGLIGENCE
650 _aPERSONAL LIABILITY
650 _aSURVEYORS
650 _aPROFESSIONAL NEGLIGENCE
690 _aPROFESSIONAL PRACTICE-NEGLIGENCE-CASE LAW
856 _uhttps://www.bailii.org/cgi-bin/markup.cgi?doc=/ew/cases/EWCA/Civ/2001/214.html&query=Merrett+and+Babb&method=all
_zView judgment free of charge at www.bailii.org...
942 _n0
999 _c67587
_d67587